00700nam a22001817a 450000500170000001000150001702000260003203500130005803700130007108200100008410000210009424501250011526000540024027001040029430000240039849000460042250000500046820181204124049.0 aENG-115411 a9781470425890c975.00 aEN-98943 bDBAD/PUB a515.7 aBressan, Alberto aLecture notes on functional anlysis :b with applications to linear partial differential equations /cby Alberto Bressan aRhode IslandbAmerican Mathematical Societyc2016 aDistributed by-Universties Press,3-6-747/1/A & 3-6 754/1,HimayatnagarbHyderabad (Telagana)e500029 axii,250pc24cm(pbk) aVol-143 ; Graduate Studies In Mathematics aIncludes bibliographical references and Index